书目信息 |
| 题名: |
城市旅游
|
|
| 作者: | 保继刚 著 | |
| 分册: | ||
| 出版信息: | 天津 南开大学出版社 2005 |
|
| 页数: | 518页 | |
| 开本: | 20cm | |
| 丛书名: | 旅游学理论案例丛书 | |
| 单 册: | ||
| 中图分类: | F590 , F590.7 | |
| 科图分类: | ||
| 主题词: | 城市--旅游业--高等学校--教材 | |
| 电子资源: | ||
| ISBN: | 7-310-02237-8 | |
| 000 | 00880oam2 2200265 450 | |
| 001 | 07079000450 | |
| 005 | 20070721101746.17 | |
| 010 | @a7-310-02237-8@dCNY28.00 | |
| 100 | @a20060606d2005 ekmy0chiy0110 ea | |
| 101 | 0 | @achi |
| 102 | @aCN@b120000 | |
| 105 | @aa z 000yy | |
| 200 | 1 | @a城市旅游@Acheng shi lu^ you@e原理·案例@f保继刚等著 |
| 210 | @a天津@c南开大学出版社@d2005 | |
| 215 | @a518页@c图表@d20cm | |
| 225 | 2 | @a旅游学理论案例丛书 |
| 330 | @a本书为围绕城市旅游方方面面专题进行研究的著作,分为4部分22章,内容包括城市旅游研究概况、城市旅游的供给、城市旅游的需求和政策与理论等。 | |
| 461 | 0 | @12001 @a旅游学理论案例丛书 |
| 517 | 1 | @a原理·案例@Ayuan li· an li |
| 606 | 0 | @a城市@x旅游业@x高等学校@j教材 |
| 690 | @aF590@v4 | |
| 690 | @aF590.7@v3 | |
| 701 | 0 | @a保继刚@Abao ji gang@4著 |
| 801 | 0 | @aCN@bTAOJIN@c20070721 |
| 905 | @a10447@dF590.7@e170 | |
| 城市旅游:原理·案例/保继刚等著 .-天津:南开大学出版社,2005 |
| 518页:图表;20cm.-(旅游学理论案例丛书 ) |
| ISBN 7-310-02237-8:CNY28.00 |
| 本书为围绕城市旅游方方面面专题进行研究的著作,分为4部分22章,内容包括城市旅游研究概况、城市旅游的供给、城市旅游的需求和政策与理论等。 |
| ● |
| 相关链接 |
|
|
|
|
正题名:城市旅游
索取号:F590.7/170
 
预约/预借
| 序号 | 登录号 | 条形码 | 馆藏地/架位号 | 状态 | 备注 |
| 1 | 0822707 | 208227079 | 第一样本阅览室/ [索取号:F590.7/170] | 在馆 | |
| 2 | 0822708 | 208227088 | 第一借阅区/ [索取号:F590.7/170] | 在馆 | |
| 3 | 0822709 | 208227097 | 第一借阅区/ [索取号:F590.7/170] | 在馆 | |
| 4 | 0822710 | 208227104 | 第一借阅区/ [索取号:F590.7/170] | 在馆 | |
| 5 | 0822711 | 208227113 | 第一借阅区/ [索取号:F590.7/170] | 在馆 |